20 most followed TikTokers - Statistics

General Stats
  • This quiz has been taken 21 times
  • The average score is 5 of 20
Answer Stats
# of followers Account name % Correct
135 million Charlidamelio
86%
56.9 million dixiedamelio
71%
130 million khaby.lame
57%
88 million bellapoarch
48%
86 million addisonre
43%
67 million zachking
43%
65 million willsmith
29%
49.2 million therock
24%
60 million TikTok
24%
54.3 million lorengray
19%
58.8 million kimberly.loaiza
14%
54.9 million spencerx
14%
45.9 million bts_official_bighit
10%
48.1 million domelipa
10%
51.2 million jasonderulo
10%
51.5 million justmaiko
10%
55.7 million cznburak
5%
42.4 million kallmekris
5%
44.6 million riyaz.14
5%
44.3 million youneszarou
5%
No matching quizzes found
Score Distribution
Percent of People with Each Score
Percentile by Number Answered
Your Score History
You have not taken this quiz